| 000 | 00376nam a2200145Ia 4500 | ||
|---|---|---|---|
| 008 | 220216s9999 xx 000 0 und d | ||
| 100 | _aMohanakumar S | ||
| 245 | 0 | _aEconomic study of latex glove industry in India | |
| 260 |
_bRubber Board Bulletin _c1993 |
||
| 300 | _a11-May | ||
| 650 | _aGlove industry | ||
| 650 | _aIndia | ||
| 700 | _aGopalakrishnan K S | ||
| 942 | _cJS | ||
| 999 |
_c57603 _d57603 |
||